LEADER 06023nam 2201273 450 001 9910554203703321 005 20221121043635.0 010 $a1-4798-9657-8 024 7 $a10.18574/9781479896578 035 $a(CKB)4100000011675716 035 $a(MiAaPQ)EBC6427240 035 $a(DE-B1597)550977 035 $a(DE-B1597)9781479896578 035 $a(StDuBDS)EDZ0002587200 035 $a(OCoLC)1228039435 035 $a(MdBmJHUP)musev2_89973 035 $a(EXLCZ)994100000011675716 100 $a20210223d2021 fy| 0 101 0 $aeng 135 $aurcnu|||||||| 181 $2rdacontent 182 $2rdamedia 183 $2rdacarrier 200 00$aAfter Obama $eAfrican American politics in a post-Obama era /$fedited by Todd C. Shaw, Robert A. Brown, and Joseph P. McCormick II$b[electronic resource] 210 1$aNew York :$cNew York University Press,$d2021. 215 $a300 1 online resource (viii, 409 pages) 225 1 $aNYU scholarship online 300 $aAlso issued in print: 2021. 311 $a1-4798-0727-3 320 $aIncludes bibliographical references and index. 327 $tIntroduction : there's no such thing as a "Black President" /$rTodd C. Shaw, Robert A Brown, Joseph P. McCormick II --$tRace, trust, and the American presidency : black-white confidence in the executive branch in the Obama Era and beyond /$rShaylaNunnally --$tInvitations to the dance : the Obama administration's complex engagement with black elected officials and advocacy groups /$rTyson D. King-Meadows --$tThe "Obama effect" revisited : a macro-level and longitudinal exploration of the influence of Barack Obama's media presence on racialized political party polarization /$rRay Block Jr. and Angela K. Lewis-Maddox --$t"It's complicated" : the Obama administration's relationship with black faith communities and lessons for future presidents /$rBrian D. McKenzie --$tObama, African American women, and the limitations of the politics of recognition /$rWendy G. Smooth --$tMoving the needle? : Obama, targeted universalism, and the black LGBTQ community /$rRavi K. Perry --$tBlack federal judges and civil rights in the age of Obama /$rShenita Brazleton with Dianne M. Pinderhughes --$tMonumental promises, incremental gains : criminal justice reform in the Obama era /$rKhalilah L. Brown-Dean --$tWhat about black wowmen? : how economic policies targeting urban American disappear black women /$rJulia S. Jordan-Zachery --$tBarack Obama and the racial politics of the Affordable Care Act /$rSekou Franklin, Pearl K. Ford Dowe, and Angela K. Lewis-Maddox --$tRace, real estate, and responsiveness : the Obama administration's legacy on housing policy and outcomes /$rAndra Gillespie --$tThe Obama era and black attitudes towards undocumented immigration policies /$rLorrie Frasure-Yokley and Stacey Greene --$tForeign policy during and after Barack Obama /$rRobert B. Packer --$tConclusion : the next "Black President" and the next black politics /$rJoseph P. McCormick II, Todd C. Shaw, and Robert A. Brown. ¶ 330 $a""After Obama" explores African American politics in the post-Obama era"--$cProvided by publisher 410 0$aNYU scholarship online. 606 $aAfrican Americans$xPolitics and government$y21st century 607 $aUnited States$xPolitics and government$y2009-2017 608 $aElectronic books. 610 $aAfrican American Constituencies. 610 $aAfrican American church. 610 $aAfrican American women. 610 $aAfrican Americans. 610 $aAmerican Racial Order. 610 $aBarack Obama. 610 $aBlack LGBTQ. 610 $aBlack elected official. 610 $aBlack homeownership. 610 $aBlack judicial appointments. 610 $aBlack politics. 610 $aBlack women. 610 $aConcentrated punishment. 610 $aCongressional Black Caucus. 610 $aCounter terrorism. 610 $aCourts. 610 $aCriminal justice reform. 610 $aDeracialized strategy. 610 $aEconomic policy. 610 $aExecutive branch. 610 $aFederal judiciary. 610 $aFederalism. 610 $aForeign policy. 610 $aHome Affordable Refinance Program. 610 $aHome foreclosure. 610 $aHousing policy. 610 $aImmigration policy. 610 $aInclusionary Dilemma. 610 $aInverted linked fate. 610 $aInvested Linked Fate. 610 $aJob creation. 610 $aJudiciary branch. 610 $aLiberal institutionalist approach. 610 $aMake Home Affordable Initiative. 610 $aMass incarceration. 610 $aMedia presence. 610 $aMinority homeownership. 610 $aNationalist approach. 610 $aNeo-conservative approach. 610 $aObama Doctrine. 610 $aObama administration. 610 $aObama presidency. 610 $aPartisanship. 610 $aPatient Protection and Affordable Care Act. 610 $aPolitical trusts. 610 $aPolitics of recognition. 610 $aPoverty. 610 $aPublic Policy. 610 $aRace-gender. 610 $aRace-neutral politics. 610 $aRace. 610 $aRacial health disparities. 610 $aRacial polarization. 610 $aRealist approach. 610 $aResidential segregation. 610 $aRev. Jeremiah Wright. 610 $aTargeted universalism. 610 $aThe Obama Effect. 610 $aUrban and Economic Mobility Initiative. 610 $aUrban policy. 610 $aVoting rights litigation. 610 $arepresentation. 615 0$aAfrican Americans$xPolitics and government 676 $a973.932092 702 $aShaw$b Todd Cameron 702 $aBrown$b Robert A.$f1963- 702 $aMcCormick$b Joseph P.$cII, 801 0$bStDuBDS 801 1$bStDuBDS 906 $aBOOK 912 $a9910554203703321 996 $aAfter Obama$92819973 997 $aUNINA LEADER 03643nam 2200745 a 450 001 9910957798303321 005 20240313205904.0 010 $a0-253-00699-6 035 $a(CKB)3240000000065259 035 $a(EBL)1183991 035 $a(SSID)ssj0000938540 035 $a(PQKBManifestationID)11504836 035 $a(PQKBTitleCode)TC0000938540 035 $a(PQKBWorkID)10920084 035 $a(PQKB)11510664 035 $a(OCoLC)845254602 035 $a(MdBmJHUP)muse18233 035 $a(Au-PeEL)EBL1183991 035 $a(CaPaEBR)ebr10692211 035 $a(CaONFJC)MIL484772 035 $a(Perlego)569205 035 $a(MiAaPQ)EBC1183991 035 $a(EXLCZ)993240000000065259 100 $a20130318d2013 uy 0 101 0 $aeng 135 $aur|n|---||||| 181 $ctxt$2content 182 $cc$2rdamedia 183 $acr$2rdacarrier 200 00$aAfrican art, interviews, narratives $ebodies of knowledge at work /$fedited by Joanna Grabski and Carol Magee 205 $a1st ed. 210 1$aBloomington, Indiana :$cIndiana University Press,$d2013. 215 $a1 online resource (207 pages) 225 1 $aAfrican Expressive Cultures. 300 $aDescription based upon print version of record. 311 08$a0-253-00691-0 311 08$a0-253-00687-2 320 $aIncludes bibliographical references and index. 327 $aCover; Title Page; Copyright Page; Dedication Page; Table of Contents; Acknowledgments; Introduction: The Work of Interviews; 1. Talking to People about Art; 2. Ghostly Stories: Interviews with Artists in Dakar and the Productive Space around Absence; 3. Can the Artist Speak?: Hamid Kachmar's Subversive Redemptive Art of Resistance; 4. Photography, Narrative Interventions, and (Cross) Cultural Representations; 5. Narrating the Artist: Seyni Camara and the Multiple Constructions of the Artistic Persona; 6. Interview: Akinbode Akinbiyi 327 $a7. Interweaving Narratives of Art and Activism: Sandra Kriel's Heroic Women8. Politics of Narrative at the African Burial Ground in New York City: The Final Monument; 9. Who Owns the Past?: Constructing an Art History of a Malian Masquerade; 10. Framing Practices: Artists' Voices and the Power of Self-Representation; 11. Undisciplined Knowledge; Appendix: Interlocutors; Contributors; Index 330 $aJoanna Grabski and Carol Magee bring together a compelling collection that shows how interviews can be used to generate new meaning and how connecting with artists and their work can transform artistic production into innovative critical insights and knowledge. The contributors to this volume include artists, museum curators, art historians, and anthropologists, who address artistic production in a variety of locations and media to question previous uses of interview and provoke alternative understandings of art. 410 0$aAfrican Expressive Cultures 606 $aArt, African 606 $aArtists$vInterviews 606 $aArt museum curators$vInterviews 606 $aArt historians$vInterviews 606 $aAnthropologists$vInterviews 607 $aAfrica$2fast 607 $aAfrika$2gnd 607 $aAfrika$2gnd 615 0$aArt, African. 615 0$aArtists 615 0$aArt museum curators 615 0$aArt historians 615 0$aAnthropologists 676 $a709.6 701 $aGrabski$b Joanna$01855069 701 $aMagee$b Carol L$01793742 801 0$bMiAaPQ 801 1$bMiAaPQ 801 2$bMiAaPQ 906 $aBOOK 912 $a9910957798303321 996 $aAfrican art, interviews, narratives$94452990 997 $aUNINA